Nonlinear analysis and semilinear elliplic problems. (Record no. 760506)

MARC details
000 -LEADER
fixed length control field 00757nam a2200253Ia 4500
003 - CONTROL NUMBER IDENTIFIER
control field OSt
005 - DATE AND TIME OF LATEST TRANSACTION
control field 20220928115707.0
008 - FIXED-LENGTH DATA ELEMENTS--GENERAL INFORMATION
fixed length control field 220927b |||||||| |||| 00| 0 eng d
037 ## - SOURCE OF ACQUISITION
Terms of availability Textual
040 ## - CATALOGING SOURCE
Original cataloging agency SDCL
Transcribing agency SDCL
Language of cataloging eng
041 ## - LANGUAGE CODE
Source of code eng
Language code of text/sound track or separate title eng
100 ## - MAIN ENTRY--PERSONAL NAME
Personal name Ambrosetti Antonio
9 (RLIN) 445585
245 #0 - TITLE STATEMENT
Title Nonlinear analysis and semilinear elliplic problems.
260 ## - PUBLICATION, DISTRIBUTION, ETC.
Place of publication, distribution, etc. Combridge
Name of publisher, distributor, etc. Combridge University Press
Date of publication, distribution, etc. 2007
300 ## - PHYSICAL DESCRIPTION
Extent xi,316p.
Dimensions cm.
490 ## - SERIES STATEMENT
Series statement Combridge studies in advanced mathematics. 104
700 ## - ADDED ENTRY--PERSONAL NAME
Personal name Malchiodi Andrea
9 (RLIN) 445586
942 ## - ADDED ENTRY ELEMENTS (KOHA)
Classification part B643, P7
Koha item type Textual
Source of classification or shelving scheme Colon Classification (CC)
Holdings
Withdrawn status Lost status Damaged status Not for loan Home library Current library Date acquired Total Checkouts Full call number Barcode Date last seen Price effective from Koha item type
        South Campus Library South Campus Library 2022-09-28   B643 P7 SC1251367 2022-09-28 2022-09-28 Textual
Copyright @ Delhi University Library System